Гидрогеология с основами инженерной геологии: учебник

Bibliographic Details
Main Author: Богомолов Г. В. Герасим Васильевич
Language:Russian
Published: Москва, Высшая школа, 1966
Edition:2-е изд., перераб. и доп.
Subjects:
Format: MixedMaterials Book
KOHA link:https://koha.lib.tpu.ru/cgi-bin/koha/opac-detail.pl?biblionumber=102858

MARC

LEADER 00000nam0a2200000 4500
001 102858
005 20231101214442.0
035 |a (RuTPU)RU\TPU\book\110903 
090 |a 102858 
100 |a 20061007d1966 m y0rusy50 ca 
101 0 |a rus 
102 |a RU 
105 |a a j 001zy 
200 1 |a Гидрогеология с основами инженерной геологии  |e учебник  |f Г. В. Богомолов 
205 |a 2-е изд., перераб. и доп. 
210 |a Москва  |c Высшая школа  |d 1966 
215 |a 315 с.  |c ил. 
320 |a Библиография в конце книги. 
606 1 |a Гидрогеология  |2 stltpush  |3 (RuTPU)RU\TPU\subj\38647  |9 59032 
606 1 |a Инженерная геология  |2 stltpush  |3 (RuTPU)RU\TPU\subj\12572  |9 39335 
610 1 |a учебники 
610 1 |a вода 
610 1 |a земная кора 
610 1 |a атмосфера 
610 1 |a воды подземные 
610 1 |a грунты 
675 |a 556.3(075.8)  |v 3 
675 |a 624.131.1(075.8)  |v 3 
700 1 |a Богомолов  |b Г. В.  |g Герасим Васильевич 
801 1 |a RU  |b 63413507  |c 20061007  |g PSBO 
801 2 |a RU  |b 63413507  |c 20190724  |g PSBO 
900 |a Гидрогеология и инженерная геология МПИ 
942 |c BK